000
00323nam a22001337a 4500
003
SGT
020
_a
9788179104323
082
_a
658.4092,KAU
100
_a
KAUSHIK UPENDRA
245
_a
LEADERSHIP SKILLS AND TEAM BULIDING
260
_a
JAIPUR
_b
AAVISHKAR PUBLISHERS DISTRIBUTORS
_c
2019
300
_a
149
942
_2
ddc
_c
BK
999
_c
33871
_d
33871